1257 1937 1229 1917 1636 1449 1820 1477 1745 1732 1487 1599 1417 1649 1057 1364 1919 1075 1970 1506 1488 1668 1569 1790 1808 1518 1117 1947 1184 1339 1890 1556 1003 1955 1624 1579 1416 1419 1390 1299 1731 1492 1935 1383 1034 1360 1425 1731 1548 1402 1146 1282 1226 1548 1911 1815 1665 1490 1746 1718 1595 1704 1995 1449 1120 1713 1832 1830 1697 1675 1224 1249 1796 1489 1612 1321 1285 1228 1460 1822 1529 1848 1530 1418 1054 1835 1583 1168 1823 1921 1865 1642 1266 1429 1548 1307 1785 1437 1832 BCNSPRNW ULIB Ver.6.0+V

เปลี่ยนเป็นภาษาไทย

Change to English
 แสดงรายละเอียดบรรณานุกรม
  กลับหน้าหลัก

Brief Record : Get Marc (ISO 2709) : E-mail record : QR code < ปิดหน้าต่าง
LEADER : 00000nam 2200000uu 4500
001    13399123188
003     ULIB
008    020711s2550 th a 000 0 tha d
020    9789747513196
020    9747513196
050    TK5105.5^bล831ร
100    Kenneth C. Laudon
245    ระบบสารสนเทศเพื่อการจัดการ =^bManagement information systems : managing the digital firm /^cโดย Kenneth C. Laudon, Jane P. Laudon ; แปลและเรียบเรียง สัลยุทธ์ สว่างวรรณ
260    กรุงเทพฯ :^bซีเอ็ด,^c2550
300    503 หน้า
650    การจัดการ
700    Jane P. Laudon
700    สัลยุทธ์ สว่างวรรณ,^eแปลและเรียบเรียง
945    ^p498^l0^i20326
945    ^p498^l0^i20327
รายการนี้ยังไม่มีแท็ก
คุณยังไม่ได้ล็อกอิน คุณสามารถมีกิจกรรมร่วมกับเว็บไซต์ได้ แต่ต้องล็อกอินก่อน ::
  ล็อกอิน

รายการสื่อสารสนเทศ

ลำดับที่ ประเภท เลขเรียก/บาร์โค้ด สถานที่ สถานะ
1. การศึกษาทั่วไป
การศึกษาทั่วไป
TK5105.5 ล831ร ฉ.1 
  Barcode: 20326
ห้องสมุดวิทยาเขตนครสวรรค์
►หนังสือทั่วไป:l:General Books
บนชั้น
2. การศึกษาทั่วไป
การศึกษาทั่วไป
TK5105.5 ล831ร ฉ.2 
  Barcode: 20327
ห้องสมุดวิทยาเขตนครสวรรค์
►หนังสือทั่วไป:l:General Books
บนชั้น

รายการใกล้เคียง
    หัวเรื่อง [การจัดการ]

BibComment


ยังไม่เคยถูกคอมเมนท์

คอมเมนท์ทรัพยากรรายการนี้
  คอมเมนท์: ระบบสารสนเทศเพื่อ..


 Copyright 2026. Bcnsprnw @Library